Pablo VI, el Papa de la tempestad:Paolo VI, Il Papa nella tempesta (Record no. 1895)
[ view plain ]
| 000 -LEADER | |
|---|---|
| campo de control de longitud fija | 00272nam a2200097Ia 4500 |
| 005 - FECHA Y HORA DE LA ÚLTIMA TRANSACCIÓN | |
| campo de control | 20251222114407.0 |
| 008 - DATOS DE LONGITUD FIJA--INFORMACIÓN GENERAL | |
| campo de control de longitud fija | 251222s1900||||xx |||||||||||||| ||spa|| |
| 082 ## - NÚMERO DE LA CLASIFICACIÓN DECIMAL DEWEY | |
| Número de clasificación | DVD0092/C83/2008 |
| 245 #0 - MENCIÓN DEL TÍTULO | |
| Título | Pablo VI, el Papa de la tempestad:Paolo VI, Il Papa nella tempesta |
| 942 ## - ELEMENTOS DE ENTRADA SECUNDARIOS (KOHA) | |
| Tipo de ítem Koha | Material audiovisual |
| Estatus retirado | Estado de pérdida | Estado de daño | No para préstamo | Biblioteca de origen | Biblioteca actual | Ubicación en estantería | Fecha de adquisición | Total de préstamos | Signatura topográfica completa | Código de barras | Visto por última vez | Precio de reemplazo | Tipo de ítem Koha |
|---|---|---|---|---|---|---|---|---|---|---|---|---|---|
| Biblioteca Central | Biblioteca Central | Programa | 22/12/2025 | DVD0092/C83/2008 | 0031475 | 22/12/2025 | 22/12/2025 | Material audiovisual |
